[Event "CZE-ch U14"]
[Site "Frymburk"]
[Date "2002.??.??"]
[Round "7"]
[White "Dvoulety, Pavel"]
[Black "Beil, V."]
[Result "0-1"]
[WhiteElo "1663"]
[BlackElo "1713"]
[PlyCount "48"]
[EventDate "2002.03.??"]
[EventType "swiss"]
[EventRounds "8"]
[EventCountry "CZE"]
[SourceTitle "EXT 2004"]
[Source "ChessBase"]
[SourceDate "2003.11.25"]
[SourceVersion "1"]
[SourceVersionDate "2003.11.25"]
[SourceQuality "1"]

1. e4 e5 2. Nf3 Nc6 3. Bc4 Nf6 4. d4 exd4 5. e5 d5 6. Bb5 Ne4 7. Nxd4 Bd7 8. Bxc6 Bxc6 9. 0-0 Qd7 10. Qe2 a6 11. Be3 Be7 12. Nd2 Nxd2 13. Qxd2 0-0 14. f4 Bb5 15. Rf2 c5 16. Nxb5 axb5 17. c3 Rfd8 18. f5 Ra6 19. Bg5 Bxg5 20. Qxg5 f6 21. exf6 Rxf6 22. Rd1 Re8 23. Rfd2 Rxf5 24. Rxd5 Qxd5 0-1